000 00593nam a22001937a 4500
003 OSt
005 20140310182448.0
008 130220t xxu||||| |||| 00| 0 eng d
020 _a9789710388738
050 _aHA 29
_b.Ab117 2009
100 _aAbao, Zenon R.
_97890
245 _aBasic statistics :
_bwith business and nursing applications /
_cZenon R. Abao...[et al.].
260 _aMandaluyong City :
_bBook Atbp. Publishing Corporation.
_cc2009.
300 _avii, 367 p. ;
_c25 cm.
541 _j1
562 _e1
700 _aGuhao, Eugenio S. Jr.
_97891
942 _2lcc
_cSSLC
999 _c13635
_d13635